000
00286nam a2200121Ia 4500
005
20260328104308.0
008
260328s9999||||xx |||||||||||||| ||und||
100
_a
Arndt, Ingo
245
0
_a
Animal Architecture /
_c
Ingo Arndt
300
_a
159 p.
650
_a
FOTOGRAFÍA
942
_c
BK
999
_c
10841
_d
10841